000 01176 a2200241 4500
005 20080910125813.0
008 080910t xxu||||| |||| 00| 0 hin d
010 _aHIN-79462
020 _c500.00
_a8170563593
035 _aHN-51808
037 _bD.B.Act / pub
082 _a230.22
100 _aमिश्रा, महेन्द्र कुमार
245 _aभागवत पुराण
_cमहेन्द्र कुमार मिश्रा
246 _aBhagwat puran
_bby Mahendra kumar Mishra
260 _aजयपुर
_bपंचशील प्रकाशन
_c2006
270 _aफिल्म कालोनी,चौड़ा रास्ता
_bजयपुर
_e302003
_k0141-2315072
_mpanchsheel_j@sify.com
_l5113854
300 _a383पृ
_c22सेमी (सजिल्द)
650 _aPuran
650 _aपुराण
942 _adpl
_cHN
_k230.22 / मिश्राम
_2ddc
_h230.22
_mमिश्राम
999 _c2785
_d2785